Cơ sở lý thuyết vô tuyến truyền hình đen trắng và màu
Anten và sự truyền lan sóng cực ngắn. Kỹ thuật vô tuyến truyền hình đen trắng và vô tuyến truyền hình màu
Gardado en:
| Autor Principal: | |
|---|---|
| Outros autores: | , , , |
| Formato: | Libro |
| Idioma: | Vietnamese |
| Publicado: |
H.
Công nhân kỹ thuật
1981
|
| Những chủ đề: | |
| Các nhãn: |
Engadir etiqueta
Sen Etiquetas, Sexa o primeiro en etiquetar este rexistro!
|
| Thư viện lưu trữ: | Mạng thư viện Đại học Đà Nẵng |
|---|
| LEADER | 01488nam a22003978a 4500 | ||
|---|---|---|---|
| 001 | 000008435 | ||
| 003 | 4623 | ||
| 005 | 20111017151058.0 | ||
| 008 | 111017s1981 b 000 0 od | ||
| 020 | |c 13đ |d 12500b | ||
| 041 | 0 | |a dịch hungari | |
| 041 | 0 | |a vie | |
| 082 | |a 621.388 |b CơS | ||
| 084 | |a F94-01 |b C460S | ||
| 100 | 1 | |a Antal, Palinszki | |
| 245 | 1 | 0 | |a Cơ sở lý thuyết vô tuyến truyền hình đen trắng và màu |c Palinszki Antal, S. Toth Ferenc ; Người dịch: Dương Văn Khang,... |
| 260 | |a H. |b Công nhân kỹ thuật |c 1981 | ||
| 300 | |a 322tr: minh hoạ |c 19cm | ||
| 520 | |a Anten và sự truyền lan sóng cực ngắn. Kỹ thuật vô tuyến truyền hình đen trắng và vô tuyến truyền hình màu | ||
| 653 | |a Lý thuyết | ||
| 653 | |a vô tuyến truyền hình | ||
| 700 | 1 | |a Ferenc, S. Toth |e Tác giả | |
| 700 | 1 | |a Dương Văn Khang |e Dịch | |
| 700 | 1 | |a Nguyễn Trọng Giáp |e Dịch | |
| 700 | 1 | |a Trần Ngọc Minh |e Dịch | |
| 910 | |a MPhuong |d 17/10 | ||
| OWN | |a LSP | ||
| AVA | |a UDN50 |b LSP |d 621.388 CơS |e available |t Error 5001 Not defined in file expand_doc_bib_avail. |f 3 |g 1 |h N |i 0 |k 1 | ||
| 999 | |a From the UDN01 | ||
| AVA | |a UDN50 |b LSP |d 621.388 CơS |e available |t Error 5001 Not defined in file expand_doc_bib_avail. |f 3 |g 1 |h N |i 0 |k 1 | ||
| TYP | |a Monograph | ||
| TYP | |a Printed language | ||
| 980 | |a Mạng thư viện Đại học Đà Nẵng | ||